<?xml version="1.0" encoding="UTF-8"?>
<record
    xmlns:xsi="http://www.w3.org/2001/XMLSchema-instance"
    xsi:schemaLocation="http://www.loc.gov/MARC21/slim http://www.loc.gov/standards/marcxml/schema/MARC21slim.xsd"
    xmlns="http://www.loc.gov/MARC21/slim">

  <leader>01439nam a2200205   4500</leader>
  <controlfield tag="008">200303s2001    es ||||er|||| 001 0 spa d</controlfield>
  <datafield tag="020" ind1=" " ind2=" ">
    <subfield code="a">8479016868</subfield>
  </datafield>
  <datafield tag="041" ind1=" " ind2=" ">
    <subfield code="a">spa</subfield>
  </datafield>
  <datafield tag="092" ind1=" " ind2=" ">
    <subfield code="c">808</subfield>
    <subfield code="l">83</subfield>
    <subfield code="s">THU</subfield>
  </datafield>
  <datafield tag="100" ind1="1" ind2=" ">
    <subfield code="a">Thurlow, Clifford.</subfield>
    <subfield code="9">4121</subfield>
  </datafield>
  <datafield tag="245" ind1=" " ind2=" ">
    <subfield code="a">Sexo, surrealismo, Dal&#xED; y yo /</subfield>
    <subfield code="c">Clifford Thurlow.</subfield>
  </datafield>
  <datafield tag="250" ind1=" " ind2=" ">
    <subfield code="a">1a ed.</subfield>
    <subfield code="b">Traducci&#xF3;n Claudio Molinari.</subfield>
  </datafield>
  <datafield tag="260" ind1=" " ind2=" ">
    <subfield code="a">Barcelona:</subfield>
    <subfield code="b">RBA;</subfield>
    <subfield code="c">2001.</subfield>
  </datafield>
  <datafield tag="300" ind1=" " ind2=" ">
    <subfield code="a">303 p.</subfield>
  </datafield>
  <datafield tag="500" ind1=" " ind2=" ">
    <subfield code="a">Thurlow, C. (2001). Sexo, surrealismo, Dali y yo. (1a ed.). Barcelona : BBA.</subfield>
  </datafield>
  <datafield tag="505" ind1=" " ind2=" ">
    <subfield code="a">Sexo, surrealismo, Dal&#xED; y yo es uno de los libros m&#xE1;s curiosos y divertidos que, sobre Salvador Dal&#xED; y su &#xE9;poca se haya escrito, y ha sido recibido en Inglaterra y Espa&#xF1;a como uno de los acontecimientos editoriales m&#xE1;s importantes del &#xFA;ltimo a&#xF1;o. Carlos Lozano, amigo &#xED;ntimo de Dal&#xED;, desde 1969 hasta su muerte, fue una de las pocas personas que accedi&#xF3; al c&#xED;rculo cerrado e impenetrable del talentoso pintor catal&#xE1;n. Desde lo m&#xE1;s profundo de este c&#xED;rculo cuenta lo que vio y sinti&#xF3;: las frases extraordinarias del pintor, las fiestas m&#xE1;s locas e incre&#xED;bles, el lujo m&#xE1;s desenfrenado y la capacidad de Dal&#xED; de convertirlo todo en oro. Decenas de an&#xE9;cdotas delirantes e inolvidables, explicadas aqu&#xED; por primera vez, se suceden en este delicado y sensual relato. </subfield>
  </datafield>
  <datafield tag="590" ind1=" " ind2=" ">
    <subfield code="a">Proyecto 4to libro. Donaci&#xF3;n Otero Moreno, Camilo. Marzo 2020.</subfield>
  </datafield>
  <datafield tag="655" ind1=" " ind2=" ">
    <subfield code="a">Literatura</subfield>
    <subfield code="9">2917</subfield>
  </datafield>
  <datafield tag="942" ind1=" " ind2=" ">
    <subfield code="2">ddc</subfield>
    <subfield code="c">LIT</subfield>
  </datafield>
  <datafield tag="999" ind1=" " ind2=" ">
    <subfield code="c">3078</subfield>
    <subfield code="d">3078</subfield>
  </datafield>
  <datafield tag="952" ind1=" " ind2=" ">
    <subfield code="0">0</subfield>
    <subfield code="1">0</subfield>
    <subfield code="2">ddc</subfield>
    <subfield code="4">0</subfield>
    <subfield code="7">0</subfield>
    <subfield code="a">BFM</subfield>
    <subfield code="b">BFM</subfield>
    <subfield code="c">CR</subfield>
    <subfield code="d">2020-03-03</subfield>
    <subfield code="e">Donaci&#xF3;n Otero Moreno, Camilo. Marzo 2020</subfield>
    <subfield code="l">0</subfield>
    <subfield code="o">808 83 THU</subfield>
    <subfield code="p">4626</subfield>
    <subfield code="r">2020-03-03</subfield>
    <subfield code="t">Ej. 1</subfield>
    <subfield code="w">2020-03-03</subfield>
    <subfield code="y">LIT</subfield>
    <subfield code="z">Donaci&#xF3;n Otero Moreno, Camilo. Marzo 2020.</subfield>
  </datafield>
</record>
